=LDR 00000nam 2200000 4500 =001 INLIS000000000014573 =005 20130612105843 =008 ***********************************Ind** =035 ##$$0010-061300000014573 =041 ##$$a Ind =082 ##$$a 635.63 =090 ##$$a 635.63, Sud b =100 ##$$a Sudarto, yudo =245 ##$$a Budidaya Waluh, Yudo sudarto =260 ##$$a 1993 $b Yogyaarta =300 ##$$a 48 hlm, Ilus, 21 cm =650 ##$$a Waluh-budidaya =850 ##$$a NBPNMAT